Sélection de Tuiles - Mathématiques - Statistiques

Statistiques générales
  • Ce quiz a été pris 33 167 fois
  • Le résultat moyen est 60 sur 77
Statistiques - réponses
Question Tuile Select % Correct
les nombres premiers 12 Non
96%
les nombres premiers 14 Non
96%
les nombres premiers 16 Non
96%
les nombres premiers 18 Non
96%
les nombres premiers 20 Non
96%
les nombres premiers 22 Non
96%
les nombres premiers 24 Non
96%
les nombres premiers 10 Non
95%
les nombres premiers 25 Non
95%
les nombres premiers 26 Non
95%
les nombres premiers 15 Non
94%
les nombres qui comportent 4 lettres en français 1 Non
93%
les nombres qui comportent 4 lettres en français 10 Non
93%
les nombres premiers 6 Non
93%
les nombres qui comportent 4 lettres en français 6 Non
93%
les nombres premiers 8 Non
93%
les nombres premiers 3 Oui
92%
les nombres premiers 4 Non
92%
les nombres qui comportent 4 lettres en français 4 Non
92%
les nombres premiers 21 Non
91%
les nombres premiers 7 Oui
91%
les nombres divisibles par 7 21 Oui
90%
les nombres qui comportent 4 lettres en français 5 Oui
90%
les nombres qui comportent 4 lettres en français 7 Oui
90%
les nombres qui comportent 4 lettres en français 9 Oui
90%
les nombres qui comportent 4 lettres en français 2 Oui
89%
les nombres qui comportent 4 lettres en français 8 Oui
89%
les nombres premiers 11 Oui
88%
les nombres premiers 5 Oui
88%
les nombres divisibles par 7 103 Non
87%
les nombres premiers 13 Oui
87%
les nombres premiers 17 Oui
86%
les carrés parfaits 36 Oui
85%
les nombres premiers 9 Non
85%
les nombres divisibles par 7 124 Non
83%
les nombres premiers 23 Oui
83%
les carrés parfaits 48 Non
83%
les nombres divisibles par 7 176 Non
81%
les carrés parfaits 25 Oui
81%
les carrés parfaits 216 Non
80%
les carrés parfaits 148 Non
79%
les nombres premiers 19 Oui
78%
les carrés parfaits 81 Oui
78%
les carrés parfaits 64 Oui
77%
les nombres qui comportent 4 lettres en français 3 Non
75%
les carrés parfaits 360 Non
74%
les nombres divisibles par 7 56 Oui
74%
les nombres premiers 2 Oui
70%
les nombres qui appartiennent à la suite de Fibonacci 11 Non
68%
les nombres qui appartiennent à la suite de Fibonacci 15 Non
68%
les nombres qui appartiennent à la suite de Fibonacci 20 Non
68%
les nombres qui appartiennent à la suite de Fibonacci 10 Non
67%
les nombres qui appartiennent à la suite de Fibonacci 14 Non
67%
les nombres qui appartiennent à la suite de Fibonacci 18 Non
67%
les nombres qui appartiennent à la suite de Fibonacci 22 Non
67%
les nombres qui appartiennent à la suite de Fibonacci 23 Non
67%
les nombres qui appartiennent à la suite de Fibonacci 24 Non
67%
les nombres qui appartiennent à la suite de Fibonacci 25 Non
67%
les nombres qui appartiennent à la suite de Fibonacci 6 Non
67%
les nombres qui appartiennent à la suite de Fibonacci 12 Non
66%
les nombres qui appartiennent à la suite de Fibonacci 17 Non
66%
les nombres qui appartiennent à la suite de Fibonacci 19 Non
66%
les nombres qui appartiennent à la suite de Fibonacci 9 Non
66%
les nombres qui appartiennent à la suite de Fibonacci 16 Non
65%
les nombres qui appartiennent à la suite de Fibonacci 7 Non
64%
les nombres qui appartiennent à la suite de Fibonacci 4 Non
62%
les nombres divisibles par 7 91 Oui
61%
les nombres divisibles par 7 154 Oui
60%
les nombres qui appartiennent à la suite de Fibonacci 1 Oui
57%
les nombres qui appartiennent à la suite de Fibonacci 2 Oui
55%
les nombres qui appartiennent à la suite de Fibonacci 3 Oui
52%
les nombres qui appartiennent à la suite de Fibonacci 8 Oui
51%
les nombres divisibles par 7 203 Oui
50%
les nombres qui appartiennent à la suite de Fibonacci 5 Oui
48%
les nombres qui appartiennent à la suite de Fibonacci 13 Oui
47%
les carrés parfaits 169 Oui
47%
les nombres qui appartiennent à la suite de Fibonacci 21 Oui
43%
Aucun quiz correspondant
Distribution des résultats
% des personnes avec chaque résultat
Percentile par nombre de réponses
Votre historique - résultats
Vous n’avez pas pris ce quiz